Corazón Partío - Alejandro Sanz - Statistics

General Stats
  • This quiz has been taken 147 times
  • The average score is 259 of 317
Answer Stats
% Correct
a
98%
pa'
98%
corazón
96%
la
96%
partío'
96%
va
96%
y
96%
Y,
96%
Estribillo | Estribillo (x4) ¿Y
96%
me
95%
partío'?
95%
partío'
95%
que
95%
Que
95%
¿qué
95%
¿Qué
95%
qué
95%
quién
95%
¿Quién
95%
¿quién
95%
si
95%
Si
95%
curar
94%
es
94%
frío?
94%
no
94%
el
93%
El
93%
emociones?
93%
hace
93%
noche
93%
nunca
93%
Pre-estribillo ¿Para
93%
abandone?
91%
esta
91%
tu
90%
90%
tú,
90%
de
89%
mi
89%
en
88%
para
88%
pedir
88%
te
87%
cariño
85%
dime
85%
Dime
85%
entre
85%
Luna
85%
vas,
84%
este
83%
mío,
83%
sus
83%
juguemos?
82%
se
82%
82%
sé,
82%
bajará
80%
tapará
80%
entregar
79%
llenará
78%
lo
78%
ti
78%
ti,
78%
viene,
78%
enero
77%
sin
77%
ve
77%
vida
77%
primaveras
76%
yo?
76%
yo
76%
cuando
72%
dejas
72%
hay
72%
curaste
71%
detiene
71%
dos
71%
herío'
71%
por
71%
Verso Ya
71%
amor
70%
estaba
70%
nuevo
70%
tres
70%
siente
68%
sol
68%
ves,
68%
hoy
67%
Ni
63%
ni
63%
nosotros
63%
dolor
62%
sale
61%
más
60%
Intro (x2) Tiritas
59%
existe
56%
habitación
56%
Pero
56%
pero
56%
miente,
55%
profundo
55%
alma
54%
Después
54%
después
54%
tiempo
54%
vivir?
54%
bello
52%
digo
52%
aquel
51%
nada
51%
sabes
51%
fue
50%
porqué
50%
queda
50%
sigue
50%
creer
49%
ningún
49%
quieres
49%
siempre
49%
llega
48%
calma,
46%
ilusión
46%
tormenta
46%
Verso Dar
44%
dar
44%
herío'
44%
algo
43%
aunque
43%
Llévame
41%
miénteme,
41%
sea
41%
destino
40%
perder
40%
compartir,
37%
limosna,
37%
sobra
37%
sino
35%
aquello
33%
solamente
33%
No matching quizzes found
Score Distribution
Percent of People with Each Score
Percentile by Number Answered
Your Score History
You have not taken this quiz